[Event "45th Olympiad 2024"]
[Site "Budapest HUN"]
[Date "2024.09.22"]
[Round "11.65"]
[Board "4"]
[White "Al Busaidi, Hamood"]
[Black "Khalil, Manar"]
[Result "0-1"]
[WhiteElo "1881"]
[BlackElo "1887"]
[PlyCount "74"]
[EventDate "2024.09.11"]
[WhiteTeam "Oman"]
[BlackTeam "Syria"]
[WhiteTeamCountry "OMN"]
[BlackTeamCountry "SYR"]

1. e4 c5 2. Nf3 Nc6 3. d3 d6 4. g3 Nf6 5. Bg2 g6 6. O-O Bg7 7. Nc3 O-O 8. h3 Rb8 9. a4 Bd7 ({RR} 9... b6 10. Be3 Bb7 11. Qd2 Re8 12. Rad1 e5 13. Nh2 Nd4 14. Bg5 Ne6 15. Bh6 d5 16. Bxg7 Kxg7 17. Qe1 Nd4 18. Rd2 dxe4 19. Nxe4 Nxe4 20. dxe4 Qc8 21. Qe3 Rd8 22. Ng4 Qe6 23. Qh6+ Kg8 24. Rfd1 {1-0 Andriasian,Z (2586)-Jones,G (2670) Titled Tuesday intern op 3rd July blitz 2018 (2)}) ({RR} 9... b6 10. Be3 Bb7 11. Qd2 d5 12. e5 d4 13. exf6 dxe3 14. Qxe3 Bxf6 15. Rfe1 Nd4 16. Rac1 Bxf3 17. Bxf3 Bg5 18. Qe4 f5 19. Qd5+ e6 20. Rxe6 Nxf3+ 21. Qxf3 Bxc1 22. Qc6 Bxb2 23. Nd5 Bg7 24. h4 {0-1 Quilter,T (2162)-Ledger,A (2334) British Rapidplay 2024 (2.6)}) 10. Re1 $146 ({RR} 10. Be3 a6 11. Nh4 b5 12. axb5 axb5 13. f4 Qc8 14. f5 b4 15. Ne2 e6 16. g4 exf5 17. gxf5 Re8 18. Qd2 Qd8 19. Bh6 Nxe4 20. dxe4 Qxh4 21. Bg5 Bh6 22. Bxh6 Qe7 23. f6 Qe6 24. Bf8 {1-0 Gonzalez,J-Martinez Sanchez,C (1784) ESP-chT U16 Toledo 2003 (2)}) ({RR} 10. Be3 a6 11. Qd2 Re8 12. Kh2 b5 13. axb5 axb5 14. Ng1 b4 15. Nce2 Qc7 16. f4 Rec8 17. g4 Ne8 18. Rab1 c4 19. d4 c3 20. bxc3 Na5 21. cxb4 Nc4 22. Qc1 Nxe3 23. Qxe3 Qxc2 24. Rfc1 Qa4 {0-1 Acosta Garcia,A-Andersson,U (2620) San Sebastian op 1994 (2)}) ({RR} 10. Be3 a6 11. Qd2 b5 12. axb5 axb5 13. Bh6 {½-½ Niermann,M (2325)-Balster,S (2310) BL2-West 9495 1994 (9.2)}) 10... a6 11. d4 cxd4 12. Nxd4 Nxd4 13. Qxd4 Bc6 14. Qd3 Nd7 15. a5 Rc8 16. Be3 Ne5 17. Qe2 Bd7 18. Bb6 Qe8 19. Nd5 Bb5 20. Qd1 Nc4 21. b3 Nxb6 22. Nxb6 Bxa1 23. c4 Bc3 24. Re3 Bxa5 25. Nxc8 Bd7 26. Qa1 Bc7 27. Nxe7+ Qxe7 28. e5 dxe5 29. Bxb7 a5 30. h4 Re8 31. Bd5 Be6 32. Bc6 Rd8 33. h5 Qd6 34. Bf3 Bb6 35. Re1 e4 36. c5 Qxc5 37. Rxe4 Qxf2+ 0-1

[Event "45th Olympiad 2024"]
[Site "Budapest HUN"]
[Date "2024.09.22"]
[Round "11.66"]
[Board "1"]
[White "Ayyad, Husain"]
[Black "Mesfin, Leykun"]
[Result "0-1"]
[WhiteElo "2129"]
[BlackElo "2118"]
[PlyCount "88"]
[EventDate "2024.09.11"]
[WhiteTeam "Bahrain"]
[BlackTeam "Ethiopia"]
[WhiteTeamCountry "BHN"]
[BlackTeamCountry "ETH"]

1. e4 c5 2. Nf3 e6 3. d4 cxd4 4. Nxd4 Nf6 5. Bd3 e5 6. Nf3 Nc6 7. O-O Be7 ({RR} 7... Bc5 8. a3 d6 9. h3 Be6 10. c4 Qd7 11. Ng5 h6 12. Nxe6 fxe6 13. b4 Bd4 14. Ra2 a5 15. b5 Ne7 16. Nd2 a4 17. Bc2 O-O 18. Bxa4 Ng6 19. Bc2 Rac8 20. Bd3 Nf4 21. Nb3 Nxd3 22. Qxd3 {0-1 Kochavi,O (2381)-Laurent-Paoli,P (2560) 2nd Dole Open 2024 (2.12)}) 8. c4 O-O 9. Nc3 d6 10. h3 $146 ({RR} 10. Bg5 Be6 11. Bxf6 Bxf6 12. Nd5 Rc8 13. Qe2 Bg4 14. h3 Nd4 15. Qd1 Nxf3+ 16. gxf3 Bxh3 17. Re1 Bh4 18. Qd2 Bg5 19. Qd1 Bh6 20. Bf1 Qg5+ 21. Kh1 Bd7 22. Bg2 f5 23. Qc1 Qh4+ 24. Kg1 Bxc1 {0-1 Schaefer,E (2124)-Berchtenbreiter,M (2018) GER-ch internet U18 qual 04 blitz 2007 (7)}) 10... Be6 11. Be3 Nd7 12. Nd5 Nc5 13. Bc2 a5 14. Bxc5 dxc5 15. Ba4 Bd6 16. Qe2 Nd4 17. Nxd4 cxd4 18. Rac1 Bc5 19. Rfd1 Qg5 20. Kh2 Rac8 21. Bc2 Rc6 22. a3 f5 23. exf5 Bxf5 24. Bxf5 Rxf5 25. Rc2 Rg6 26. Qe4 d3 27. Rxd3 Rxf2 28. Rxf2 Bxf2 29. g4 Bh4 30. b4 axb4 31. axb4 Ra6 32. Nc3 Qf4+ 33. Qxf4 exf4 34. Kg2 Ra3 35. Kf3 Bf6 36. Kxf4 Rxc3 37. Rxc3 Bxc3 38. b5 Kf7 39. c5 Ke6 40. h4 Bd4 41. c6 bxc6 42. bxc6 Be5+ 43. Kg5 Bc7 44. h5 Ke5 0-1

[Event "45th Olympiad 2024"]
[Site "Budapest HUN"]
[Date "2024.09.22"]
[Round "11.66"]
[Board "2"]
[White "Tsige, Addisalem Temesgen"]
[Black "Monther, Alfardan"]
[Result "1-0"]
[WhiteElo "2068"]
[BlackElo "1834"]
[PlyCount "105"]
[EventDate "2024.09.11"]
[WhiteTeam "Ethiopia"]
[BlackTeam "Bahrain"]
[WhiteTeamCountry "ETH"]
[BlackTeamCountry "BHN"]

1. d4 d5 2. Bf4 Nf6 3. e3 e6 4. Nd2 Bd6 5. Ngf3 O-O 6. Bd3 c5 7. c3 Bxf4 8. exf4 cxd4 9. Nxd4 Qc7 10. g3 Nc6 ({RR} 10... e5 11. fxe5 Qxe5+ 12. Qe2 Qc7 13. O-O Nc6 14. N2b3 Bg4 15. Qd2 h6 16. Rfe1 Rfe8 17. Kg2 Ne5 18. f3 Bd7 19. Bf1 Re7 20. Rad1 Rae8 21. Qf2 h5 22. h4 Neg4 23. fxg4 Nxg4 24. Rxe7 Rxe7 25. Qf3 {0-1 Mitrabha,G (2537)-Kucuksari,K (2455) Titled Tue 13th Aug Early 2024 (4)}) 11. N2f3 e5 $146 ({RR} 11... Nxd4 12. Nxd4 e5 13. fxe5 Qxe5+ 14. Qe2 Qc7 15. O-O Bg4 16. f3 Rfe8 17. Qf2 Bd7 18. Rfe1 Qd6 19. a3 g6 20. Qd2 Kg7 21. Kf2 a5 22. Rxe8 Rxe8 23. Re1 a4 24. Rxe8 Bxe8 25. Qe3 Bd7 26. Nc2 {1-0 Karjakin,S (2752)-Avila Pavas,S (2393) Titled Tuesday intern op 9th June blitz 2020 (6)}) ({RR} 11... Nxd4 12. Nxd4 e5 13. fxe5 Qxe5+ 14. Qe2 Qd6 15. O-O-O a6 16. Nf5 Bxf5 17. Bxf5 b5 18. Rd4 Rab8 19. Qd2 a5 20. Bc2 b4 21. c4 Rfc8 22. Kb1 Rc5 23. Rd1 Rbc8 24. Bf5 Rd8 25. Bh3 Qc7 26. b3 {0-1 Arya G Mallar (1483)-Rindhiya,V (1918) Asian Junior Girls 2023 (1.10)}) ({RR} 11... b6 12. O-O Bb7 13. Re1 Rad8 14. Ne5 g6 15. h4 Nxe5 16. Rxe5 Rfe8 17. Re3 e5 18. Rxe5 Rxe5 19. fxe5 Qxe5 20. Bf1 Re8 21. Qa4 a6 22. Qb3 Qd6 23. Rd1 Bc8 24. Qc2 Qe5 25. Qe2 Qd6 26. Qd2 {1-0 Dlugy,M (2524)-Shabalov,A (2453) ch-USA Seniors 2023 (4.2)}) 12. Nxc6 e4 13. Nce5 exd3 14. Qxd3 g6 15. Nd4 a6 16. O-O Qb6 17. Qd2 Ne4 18. Qe2 Re8 19. Qc2 Bh3 20. Rfe1 Rac8 21. Qb3 Qxb3 22. axb3 Re7 23. f3 Nf6 24. Kf2 Rce8 25. Nd3 Rxe1 26. Nxe1 h5 27. Nd3 Nd7 28. Rg1 Be6 29. Re1 Nf6 30. Nxe6 fxe6 31. Nc5 Kf7 32. Nxb7 Rb8 33. Nc5 Rb6 34. b4 Ke7 35. Ra1 Nd7 36. Nxa6 d4 37. c4 e5 38. c5 Re6 39. b5 exf4 40. gxf4 d3 41. Re1 d2 42. Rxe6+ Kxe6 43. Ke2 Kd5 44. Kxd2 Kc4 45. c6 Nb6 46. Nc7 Kc5 47. Kd3 Nc8 48. Ke4 Kb6 49. Nd5+ Kxb5 50. c7 Kc6 51. Ke5 Nd6 52. Ke6 Nc8 53. Ne7+ 1-0

[Event "45th Olympiad 2024"]
[Site "Budapest HUN"]
[Date "2024.09.22"]
[Round "11.66"]
[Board "3"]
[White "Mosa, Hamad"]
[Black "Kebede, Yoseph Kifle"]
[Result "0-1"]
[WhiteElo "1721"]
[BlackElo "2037"]
[PlyCount "76"]
[EventDate "2024.09.11"]
[WhiteTeam "Bahrain"]
[BlackTeam "Ethiopia"]
[WhiteTeamCountry "BHN"]
[BlackTeamCountry "ETH"]

1. e4 c5 2. Nf3 e6 3. d4 cxd4 4. Nxd4 a6 5. c4 Qc7 6. Nc3 Nf6 7. Nc2 b6 8. g3 Bb7 9. Qe2 d6 10. Bg2 Nbd7 11. Bf4 $146 ({RR} 11. Bd2 g6 12. O-O Bg7 13. Rac1 O-O 14. Rfd1 Rac8 15. Ne3 Qb8 16. Be1 Rfd8 17. f3 Bc6 18. Bf1 Ne5 19. a4 h5 20. Bf2 g5 21. h3 Ng6 22. Nc2 Nd7 23. Nb4 Bb7 24. Bg2 h4 25. Bf1 hxg3 {0-1 Thomann,J-Dobosz,H (2453) Verbandsliga Sued Baden 0405 2004 (1.2)}) ({RR} 11. Bd2 Be7 12. O-O O-O 13. Rac1 Rfe8 14. Nd4 Rac8 15. b3 Qb8 16. Be3 Bf8 17. Rfd1 Qa8 18. Bg5 h6 19. Bd2 Qb8 20. Re1 Nc5 21. g4 Nh7 22. h4 Be7 23. g5 hxg5 24. hxg5 Nxg5 25. Qg4 Nh7 {0-1 Eriksson,M (2033)-Nyander,J (2211) SWE-chT2 1617 2016 (2.1)}) ({RR} 11. O-O Rc8 12. Ne3 Be7 13. b3 O-O 14. Bb2 Rfe8 15. f4 Bf8 16. Rad1 Bc6 17. Rfe1 Qa7 18. Kh1 h5 19. h3 Qa8 20. Nc2 e5 21. f5 b5 22. cxb5 Bxb5 23. Nxb5 axb5 24. Nb4 Qa7 25. Rd2 Qa5 {1-0 Wallis,C (2238)-Sales,J (2324) Victoria-ch Melbourne 2007 (1)}) ({RR} 11. O-O Rc8 12. Ne3 Be7 13. g4 g5 14. b3 Ne5 15. Bb2 h5 16. h3 hxg4 17. Nxg4 Nfxg4 18. hxg4 Rh4 19. f3 d5 20. exd5 Bc5+ 21. Rf2 Ng6 22. Bc1 Nf4 23. Bxf4 Qxf4 24. Ne4 Bxf2+ 25. Kxf2 Rd8 {0-1 Vedder,H (2363)-Van Haastert,E (2435) NED-chT 0304 2003 (7.10)}) 11... Rc8 12. Ne3 h6 13. g4 Ne5 14. Bxe5 dxe5 15. a3 Be7 16. O-O Nd7 17. b4 Nf8 18. Rfd1 Ng6 19. Nf5 exf5 20. Nd5 Bxd5 21. exd5 Nf4 22. Qd2 Bd6 23. gxf5 Qxc4 24. Bf3 O-O 25. Qe3 Qc7 26. Rac1 Qb7 27. Rc6 Rxc6 28. dxc6 Qc7 29. a4 Rd8 30. b5 axb5 31. axb5 Bc5 32. Qb3 Qe7 33. Qa4 Qh4 34. Rxd8+ Qxd8 35. Qa2 Qd3 36. c7 Qxf3 37. c8=Q+ Kh7 38. Qc6 Qd1# 0-1

[Event "45th Olympiad 2024"]
[Site "Budapest HUN"]
[Date "2024.09.22"]
[Round "11.66"]
[Board "4"]
[White "Shiferaw, Yalemzewde Mekonnen"]
[Black "Shaker, Musab"]
[Result "1-0"]
[WhiteElo "2025"]
[BlackElo "1757"]
[PlyCount "55"]
[EventDate "2024.09.11"]
[WhiteTeam "Ethiopia"]
[BlackTeam "Bahrain"]
[WhiteTeamCountry "ETH"]
[BlackTeamCountry "BHN"]

1. d4 Nf6 2. c4 e6 3. Nf3 d5 4. g3 c6 5. Bg2 Bd6 6. Nc3 Nbd7 7. O-O O-O 8. Bg5 h6 9. Bxf6 Nxf6 10. Qc2 b6 11. e4 dxe4 12. Nxe4 Nxe4 13. Qxe4 Bb7 14. Rfd1 Rb8 $146 ({RR} 14... Qe7 15. Ne5 Bxe5 16. dxe5 Rfd8 17. h4 Rxd1+ 18. Rxd1 Rd8 19. Rd4 Rxd4 20. Qxd4 Kf8 21. Qd3 Ke8 22. Qh7 Qf8 23. h5 Kd8 24. a3 Kc7 25. b4 a6 26. Kh2 c5 27. Bxb7 Kxb7 28. Qe4+ Kc7 29. b5 {1-0 Brynell,S (2398)-Eriksson,J (2080) Hasselbacken op 2018 (2)}) ({RR} 14... Qe7 15. Ne5 Bxe5 16. Qxe5 Rfd8 17. Rac1 c5 18. d5 Rd6 19. Re1 Rad8 20. Qf4 Bc8 21. Re5 Qf6 22. Qe3 exd5 23. cxd5 g6 24. h4 h5 25. Rc4 Bd7 26. Rf4 Bf5 27. Rfxf5 gxf5 28. Qf4 Qg7 29. Rxf5 {1-0 Olsen,H (2355)-Ornolfsson,M (2214) ISL-chT 0910 2009 (4)}) ({RR} 14... Qe7 15. Ne5 Rac8 16. Rd3 Rc7 17. Rad1 c5 18. Qe1 Bxg2 19. Kxg2 Rd8 20. b3 f6 21. Ng4 Rcd7 22. d5 e5 23. Qe4 Qf7 24. Rf3 Rf8 25. Rxf6 Qe8 26. Rxf8+ Kxf8 27. Qf5+ Rf7 28. Qe6 Qb8 29. Ne3 {1-0 Henninger,M-Harasimczyk,K Baden-ch HT2 2003 (3.14)}) 15. c5 Be7 16. b4 Qc7 17. Ne5 Rfc8 18. Rd3 a5 19. cxb6 Qxb6 20. Nd7 Qxb4 21. Rb3 Qd2 22. Nxb8 Rxb8 23. Qe5 Rd8 24. Rxb7 Bf6 25. Qc7 Qxd4 26. Qxf7+ Kh8 27. Rab1 Qd2 28. Rb8 1-0

[Event "45th Olympiad 2024"]
[Site "Budapest HUN"]
[Date "2024.09.22"]
[Round "11.67"]
[Board "1"]
[White "Hemam, Moulaye Brahim"]
[Black "Kao, Jamison Edrich"]
[Result "0-1"]
[WhiteElo "1977"]
[BlackElo "2125"]
[PlyCount "200"]
[EventDate "2024.09.11"]
[WhiteTeam "Mauritania"]
[BlackTeam "Hong Kong, China"]
[WhiteTeamCountry "MAU"]

1. d4 Nf6 2. Nf3 g6 3. g3 Bg7 4. Bg2 O-O 5. O-O d6 6. c4 Nc6 7. h3 e5 8. d5 ({RR} 8. Be3 Ne4 9. dxe5 dxe5 10. Qc1 Be6 11. Na3 f5 12. Ng5 Nxg5 13. Bxg5 Qd7 14. Kh2 f4 15. gxf4 exf4 16. Rd1 Qf7 17. e3 f3 18. Bf1 Be5+ 19. Bf4 Qg7 20. Rb1 Qh6 21. Bxe5 Nxe5 22. Rd4 Rf5 {0-1 Maric,A (2460)-Rasik,V (2440) Winterthur-B 1996 (4)}) 8... Nb8 9. Nc3 ({RR} 9. Ne1 a5 10. Nc3 Na6 11. Nd3 Nd7 12. a3 Nac5 13. Be3 f5 14. Nxc5 Nxc5 15. b4 Nd7 16. Bd2 f4 17. Ne4 Nf6 18. c5 Nxe4 19. Bxe4 Bxh3 20. Rc1 Bxf1 21. Qxf1 axb4 22. Bxb4 fxg3 23. f3 Bh6 {0-1 Domingo Nunez,R (2438)-Gong,D (2259) Titled Tue 23rd Jul Early 2024 (8)}) 9... a5 10. a4 $146 ({RR} 10. e4 Na6 11. Ne1 Nc5 12. Nd3 Nfd7 13. f4 Nxd3 14. Qxd3 exf4 15. Bxf4 Ne5 16. Qc2 Bd7 17. Ne2 c6 18. dxc6 bxc6 19. Rad1 Qb6+ 20. Kh2 Qc5 21. b3 a4 22. Nc3 axb3 23. axb3 Be6 24. Rd2 Qb4 {0-1 Ladan,N (2158)-Fishbein,A (2443) Titled Tuesday intern op 08th Feb Late blitz 2022 (9)}) ({RR} 10. e4 Na6 11. Be3 Nd7 12. a3 Nac5 13. b4 axb4 14. axb4 Rxa1 15. Qxa1 Na6 16. Qb2 Nb6 17. Nd2 f5 18. Nb5 Bd7 19. Qb3 Bxb5 20. cxb5 Nb8 21. exf5 gxf5 22. f4 e4 23. Kh2 N8d7 24. Rc1 Nf6 {0-1 Dmitrenko,V (2395)-Kovalyov,E (2301) Titled Tue 21st Nov Early 2023 (2)}) ({RR} 10. e4 Na6 11. Be3 Nd7 12. Nd2 f5 13. f4 Ndc5 14. Qc2 Nb4 15. Qb1 exf4 16. gxf4 fxe4 17. Bxc5 dxc5 18. Ndxe4 Bf5 19. a3 Bd4+ 20. Kh2 Na6 21. Qe1 Nb8 22. Ng5 Re8 23. Qg3 Re3 24. Qh4 h5 {0-1 Zahn,W (2280)-Zhou,A (2161) Titled Tue 7th Feb Early 2023 (10)}) 10... Na6 11. e4 Nc5 12. Ne1 Nfd7 13. Nd3 f5 14. Nxc5 Nxc5 15. f3 f4 16. g4 Bf6 17. b3 Rf7 18. Ba3 Bd7 19. Bxc5 dxc5 20. Kf2 Qe7 21. Ke2 Ra6 22. Qd2 Bh4 23. Kd3 Kf8 24. Kc2 Ke8 25. Rad1 Kd8 26. Rh1 Kc8 27. Bf1 Kb8 28. Bd3 Rf8 29. Rh2 Rd8 30. Rg2 h6 31. Rdg1 Rf6 32. Bf1 Rh8 33. Ne2 b6 34. Rh1 Rf7 35. Nc1 Bg3 36. Nd3 h5 37. Qc3 Re8 38. Rgg1 Kc8 39. Bg2 Rh7 40. Qa1 Kd8 41. Kd2 Bc8 42. Ke2 Kd7 43. Qf1 Kd6 44. Kd2 Qf6 45. Nc1 Qh4 46. Nd3 Rd7 47. Ke2 Rf7 48. Qa1 Ba6 49. Rd1 Qf6 50. Qb2 Bb7 51. Qc3 Kd7 52. Qb2 Kc8 53. Qc3 Kb8 54. Qb2 Rd7 55. Qc3 Ka7 56. Qb2 Ree7 57. Qc3 Qh8 58. Qb2 Qe8 59. Qc3 Ka8 60. Nxc5 bxc5 61. Qxa5+ Kb8 62. Qxc5 Rf7 63. Qb5 Rde7 64. Qa5 Rf6 65. c5 Ra6 66. Qb4 c6 67. d6 Rg7 68. Kd2 Qd8 69. Kc2 Bf2 70. Qc3 Ra5 71. b4 Rxa4 72. Qxe5 Rd7 73. Qb2 Qg8 74. Ra1 Qc4+ 75. Qc3 Rxb4 76. Rhd1 Bxc5 77. e5 Bc8 78. Bf1 Qxc3+ 79. Kxc3 Rdb7 80. Bc4 Be3 81. e6 Rxc4+ 82. Kxc4 Bxe6+ 83. Kc3 h4 84. Ra5 Bd5 85. Rda1 Kc8 86. Ra8+ Kd7 87. Rh8 Kxd6 88. Rh6 Bxf3 89. Rxg6+ Kc5 90. Ra5+ Kb6 91. Rh5 Bg2 92. Re6 Rd7 93. Rhh6 Bd4+ 94. Kc2 Bd5 95. Re1 f3 96. Kd3 Bf2 97. Rf1 Bg3 98. Rf6 f2 99. R1xf2 Bxf2 100. Rxf2 Rf7 0-1

[Event "45th Olympiad 2024"]
[Site "Budapest HUN"]
[Date "2024.09.22"]
[Round "11.67"]
[Board "2"]
[White "Lam, Daniel King Wai"]
[Black "Abdellahi Khaled Abdellahi"]
[Result "1-0"]
[WhiteElo "2088"]
[BlackElo "1894"]
[PlyCount "77"]
[EventDate "2024.09.11"]
[WhiteTeam "Hong Kong, China"]
[BlackTeam "Mauritania"]
[BlackTeamCountry "MAU"]

1. e4 {Roiz,Michael} c5 2. Nf3 Nc6 3. d4 cxd4 4. Nxd4 g6 5. c4 Nf6 6. Nc3 d6 7. f3 Nxd4 8. Qxd4 Bg7 9. Be3 O-O 10. Qd2 a5 ({RR} 10... Be6) ({RR} 10... Qa5) 11. b3 ({RR} 11. Be2 a4 12. O-O Qa5 13. Rac1 Bd7 ({RR} 13... Be6) 14. c5 Bc6 15. cxd6 Rfd8 16. Nb1 Qxd2 17. Nxd2 exd6 18. Nc4 d5 19. Nb6 Ra5 20. e5 Nd7 21. f4) 11... a4 ({RR} 11... Bd7 12. Be2 Bc6 13. O-O Nd7 14. Rfd1 Nc5 15. Rac1 Qb6 16. Nd5 Bxd5 17. cxd5 Qb4 18. Rc2 Qxd2 19. Bxd2) ({RR} 11... Be6 12. Rb1 ({RR} 12. Be2 Nd7 13. O-O Nc5 14. Rac1) 12... Nd7 13. Be2 Nc5 14. O-O Qb6 15. Rfc1 Rfc8 16. Kh1 ({RR} 16. Nd5 Bxd5 17. cxd5 Qb4) 16... Qb4 17. Bg5 a4 18. Bxe7 axb3 19. axb3 Nxb3) 12. b4 Be6 13. Rc1 Nd7 14. Nd5 ({RR} 14. Be2 Nb6 15. Nb5 ({RR} 15. Nd5 Nxd5 16. exd5 Bd7 17. a3 ({RR} 17. O-O a3 18. c5 dxc5 19. bxc5) 17... e6 18. dxe6 Bxe6 19. O-O d5 20. c5 d4 21. Bf2 Qd7 22. Bd3) 15... a3 ({RR} 15... Rc8 16. Na3 f5 17. exf5 gxf5 18. O-O) 16. Nd4 Bd7 17. h4 ({RR} 17. O-O Na4 18. f4 Qc7 19. Kh1) 17... h5 ({RR} 17... e6 18. h5 Qe7 19. Nb3) 18. g4 hxg4 19. fxg4 ({RR} 19. h5 e5 20. Nb3 gxf3 21. Bxf3 Be6 22. Qh2 Nd7) 19... e5 ({RR} 19... Be5 20. h5 Na4 21. Nf3) 20. Nb3 ({RR} 20. Nb5 Bxb5 21. cxb5 d5 22. h5 d4 23. Bh6) 20... Bc6 21. Bf3 f5 22. gxf5 gxf5 23. Na5 f4 ({RR} 23... Rxa5 24. bxa5 Na4 25. Bg5) 24. Bf2 Na4 25. Nxc6 ({RR} 25. Rg1 Kh8 26. Ke2 Bf6 27. h5) 25... bxc6 26. O-O ({RR} 26. h5 Bf6 27. Rg1+ Kh8 28. Ke2) 26... c5 ({RR} 26... Bf6 27. Kh1 Kh8 ({RR} 27... Bxh4 28. Rg1+ Kh8 29. Rg2) 28. Rg1 Qe7 29. Rg2 Rf7 ({RR} 29... Rg8 30. Bg4 Rg7 31. Rcg1 Rag8 32. Qe2) 30. Bg4 Rh7 31. Bf5 Rh6 32. b5 Bxh4 33. Rh2) ({RR} 26... Rf6 27. Kh1 Rh6 28. Rg1 Kh8 29. Rg2 Bf6 30. h5) 27. b5 Bf6 28. Kh1 Nb6 {½-½ Caruana,F (2801)-Carlsen,M (2877) Sinquefield Cup 2nd 2014 (8)} ({RR} 28... Ra7 29. Rg1+ Kh8 30. h5 Nb6 31. Rg6 Rg8 32. Bg4 Rag7 33. Bf5) ({RR} 28... Bxh4 29. Rg1+ Kh8 30. Rg2) {RR} 29. Rfd1 Be7 30. Bxc5 Kh8 31. Bf2 Bxh4 32. Bxb6 Qxb6 33. Qxd6) ({RR} 14. Be2 Ne5 15. Nb5 Rc8 16. Na3 b5 17. cxb5 Rxc1+ 18. Qxc1 Bxa2 19. O-O Qb8 20. b6 Rc8 21. Qd2 Bb3 22. Rc1 Nd7 23. Rxc8+ Qxc8 24. Bb5 Bc3 25. Qc1 Nxb6 26. Kh1 Bxb4 27. Qb2 Bc5 28. Bh6 e5 {0-1 Pichot,A (2635)-Grebnev,A (2532) Titled Tue 28th May Late 2024 (4)}) 14... Bxd5 $146 ({RR} 14... Rc8 15. Be2 f5 16. Nf4 Bf7 17. exf5 gxf5 18. O-O e5 19. Nd5 f4 20. Bf2 Kh8 21. Rfd1 Rg8 22. Qe1 Qg5 23. Bh4 Qh6 24. Ne7 Rce8 25. Nf5 Qh5 26. Nxd6 Re6 27. Nxf7+ Qxf7 28. c5 Qg6 29. Rxd7 {1-0 Tate,A (2342)-Peycheva,G (2255) EU-ch Online 2300+ Qual 2020 (4)}) ({RR} 14... f5 15. exf5 Bxf5 16. Be2) ({RR} 14... a3 15. Nf4 Rc8 16. Be2) 15. cxd5 f5 16. exf5 Rxf5 17. Bd3 Rf8 18. a3 Ne5 19. Be2 Qd7 20. O-O Rac8 21. f4 Ng4 22. Bd4 Rxc1 23. Rxc1 Bxd4+ 24. Qxd4 Rc8 25. Re1 e5 26. dxe6 Qxe6 27. Qd2 Nf6 28. Bf3 Qd7 29. h3 d5 30. Qd4 Qd6 31. Rd1 Rd8 32. g4 g5 33. Kg2 h6 34. fxg5 hxg5 35. Qe3 Rc8 36. Qxg5+ Kf7 37. Qf5 Qe6 38. Bxd5 Qxd5+ 39. Rxd5 1-0

[Event "45th Olympiad 2024"]
[Site "Budapest HUN"]
[Date "2024.09.22"]
[Round "11.67"]
[Board "3"]
[White "Cheikhna, Mohamed Lemine"]
[Black "Chan, Pui Yin Brandon"]
[Result "0-1"]
[WhiteElo "1884"]
[BlackElo "2016"]
[PlyCount "44"]
[EventDate "2024.09.11"]
[WhiteTeam "Mauritania"]
[BlackTeam "Hong Kong, China"]
[WhiteTeamCountry "MAU"]

1. e4 {Motylev,Alexander} c5 2. Nf3 Nc6 3. d3 g6 4. g3 Bg7 5. Bg2 e6 6. O-O Nge7 7. Re1 O-O 8. c3 d6 9. Nbd2 e5 10. Nf1 d5 ({RR} 10... h6 11. h4 f5 12. N3h2 f4 13. Bf3 Bd7 ({RR} 13... g5 14. hxg5 hxg5 15. Bg4) ({RR} 13... h5 14. Bg2) ({RR} 13... Kh8 14. Bg4 d5) 14. Bg4 Be8 15. Nf3 ({RR} 15. h5 Kh8) 15... Kh8 16. N1h2 d5 ({RR} 16... b5 17. a3 a5) 17. Qe2 ({RR} 17. gxf4 exf4 18. e5) 17... fxg3 ({RR} 17... Qc7 18. gxf4 exf4 19. e5) 18. fxg3 c4 ({RR} 18... Qd6) 19. dxc4 dxe4 20. Qxe4 ({RR} 20. Nd2 e3 ({RR} 20... h5 21. Bh3 e3) 21. Ndf1 ({RR} 21. Ne4 Nd4 22. cxd4 exd4 23. Bxe3 dxe3 24. Rad1 Qc7 25. Qxe3 Nf5 26. Bxf5 Rxf5 27. Nd6 Re5 28. Qf2 Rxe1+ 29. Qxe1 Bc6) 21... Nd4 ({RR} 21... e4 22. Bxe3 Qc7 23. Rad1) 22. cxd4 exd4 23. Nxe3 dxe3 24. Bxe3 Qc7) 20... Nf5 21. Kg2 ({RR} 21. Nf1 Nd6 ({RR} 21... Qf6 22. Qc2 Rd8) ({RR} 21... Qc7) 22. Qe2 e4 23. Nd4 ({RR} 23. N3d2 Ne5 24. Nxe4 Nxe4 25. Qxe4 Bc6) ({RR} 23. N3h2 Ne5) 23... Nxd4 24. cxd4 b5 25. c5 Bxd4+ 26. Be3 Nc4 27. Rad1 Nxe3 28. Nxe3 Qd5) 21... Qc7 ({RR} 21... Nd6 22. Qe2 e4 23. Nd4 Nxd4 24. cxd4 Bxd4 25. Be3) 22. b3 ({RR} 22. c5 Rd8) 22... Nce7 23. Nf1 ({RR} 23. Nxe5 Bc6 24. Nxc6 Qxg3+ 25. Kh1 Nxc6 26. Bd2 Rad8 27. Rad1 Be5 28. Nf3 Bc7 29. Rg1 Ne5) 23... Bc6 24. Qc2 h5 25. Bxf5 {0-1 Ivanov,A (2481)-Motylev,A (2705) RUS-chT 17th 2010 (6)}) 11. Qc2 ({RR} 11. exd5 Nxd5 12. Ne3 Nde7 13. Nc4 f6 14. Be3 b6 15. d4 cxd4 16. cxd4 e4 17. Nfd2 f5 18. Nb3 Be6 19. Bf1 Nd5 20. Qd2 Rc8 21. Rac1 Re8 22. Bg5 Qd7 23. Red1 Bf7 24. Ne3 Ncb4 25. Nxd5 Nxd5 {0-1 Nemeth,Z (1980)-Leviczki,T (2281) HUN-ch Rapid 2022 (2)}) 11... d4 $146 ({RR} 11... h6 12. exd5 Nxd5 13. Ne3 Nb6 14. Nd2 Be6 15. Ndc4 Rc8 16. a4 Nxc4 17. Nxc4 Bf5 18. Be4 Bxe4 19. dxe4 {½-½ Huynh,L (2063)-De Strycker,N (2198) BEL-ch op Niel 2017 (5)}) 12. cxd4 cxd4 13. Bd2 h6 14. Qc1 Kh7 15. Nh4 Ng8 16. h3 Be6 17. Nh2 Qd7 18. g4 Qe7 19. N2f3 Rac8 20. g5 Nb4 21. Qb1 Nc2 22. gxh6 Bf6 0-1

[Event "45th Olympiad 2024"]
[Site "Budapest HUN"]
[Date "2024.09.22"]
[Round "11.67"]
[Board "4"]
[White "Li, Yiheng"]
[Black "Abdou Ahmed Alem"]
[Result "1/2-1/2"]
[WhiteElo "1893"]
[BlackElo "1897"]
[PlyCount "121"]
[EventDate "2024.09.11"]
[WhiteTeam "Hong Kong, China"]
[BlackTeam "Mauritania"]
[BlackTeamCountry "MAU"]

1. e4 c6 2. d4 d5 3. e5 Bf5 4. Nf3 Bg4 5. Nbd2 e6 6. h3 Bxf3 7. Nxf3 Nd7 $146 ({RR} 7... c5 8. c3 Qb6 9. a4 a5 10. Bb5+ Nc6 11. O-O g6 12. Be3 cxd4 13. Qxd4 Qxd4 14. Bxd4 Nge7 15. b4 Bg7 16. Bc5 axb4 17. cxb4 f6 18. exf6 Bxf6 19. Bd4 Kf7 20. Bxf6 Kxf6 21. Rfb1 e5 22. a5 {0-1 Cesarini,L-Gagliardi,P (2185) Cesenatico op 3rd 1998 (4)}) ({RR} 7... Qb6 8. c3 c5 9. Bd3 Nc6 10. O-O g6 11. dxc5 Bxc5 12. b4 Be7 13. a4 Qc7 14. Re1 Rd8 15. Be3 a5 16. b5 Nb8 17. b6 Qc8 18. Nd4 Kf8 19. f4 Bc5 20. Rb1 Ne7 21. Rb5 Na6 22. Qd2 {1-0 Shirov,A (2704)-Matnadze,A (2423) Salamanca Masters 4th 2021 (1)}) ({RR} 7... h5 8. Bd3 g6 9. a4 c5 10. dxc5 Bxc5 11. c3 Qc7 12. O-O Nd7 13. Re1 a6 14. Bg5 Be7 15. Qd2 Nc5 16. Bc2 Rc8 17. Qf4 Bxg5 18. Nxg5 Qe7 19. a5 h4 20. b4 Rh5 21. Nf3 Nd7 22. Ba4 {½-½ Milliet,S (2392)-Matnadze Bujiashvili,A (2362) WWRR IM 2024 (8.4)}) ({RR} 7... c5 8. Be3 cxd4 9. Bb5+ Nc6 10. Nxd4 Nge7 11. O-O a6 12. Nxc6 Nxc6 13. Bxc6+ bxc6 14. c4 Be7 15. Qg4 g6 16. Bh6 Bf8 17. Qf4 Rb8 18. cxd5 Rb4 19. Qe3 cxd5 20. Rac1 Bxh6 21. Qxh6 Rc4 22. b3 {1-0 Butunoi,A (2418)-Schwalfenberg,J (2329) FRA-chT2 East 0607 2006 (5.3)}) ({RR} 7... c5 8. dxc5 Bxc5 9. Bd3 Nd7 10. O-O Ne7 11. c3 Qc7 12. Qe2 Ng6 13. Re1 O-O 14. h4 Rfe8 15. h5 Ngf8 16. h6 Ng6 17. hxg7 Kxg7 18. Qd2 Bf8 19. Qh6+ Kg8 20. Qh5 Bg7 21. Ng5 Ndf8 22. f4 {1-0 Vasenev,S (2328)-Jusupov,T (2094) Kazan Region-ch 6th 2008 (5)}) 8. Be3 Ne7 9. Bd3 c5 10. c4 cxd4 11. Bxd4 Nc6 12. Bc3 d4 13. Nxd4 Ndxe5 14. Be4 Qh4 15. Bxc6+ Nxc6 16. Nxc6 Qe4+ 17. Qe2 Qxc6 18. O-O-O Bd6 19. Bxg7 Rg8 20. Be5 O-O-O 21. Bxd6 Rxd6 22. Rxd6 Qxd6 23. g3 Rg5 24. Rd1 Qc7 25. Kb1 Rc5 26. Qg4 b6 27. b3 h5 28. Qg8+ Kb7 29. Qe8 Ka6 30. Qa4+ Ra5 31. Qd7 Kb7 32. Qxc7+ Kxc7 33. Rd2 Rf5 34. h4 Rf3 35. Kc2 a5 36. Kd1 a4 37. bxa4 Ra3 38. Ke2 Kc6 39. f3 Rxa4 40. Kd3 Ra3+ 41. Ke4 Rc3 42. Rd4 Ra3 43. Kf4 Rxa2 44. g4 Ra5 45. Re4 Kd6 46. gxh5 Rxh5 47. Kg4 Rh8 48. Kg5 Ke7 49. h5 Rg8+ 50. Kh4 f5 51. Re1 Rg2 52. Rb1 Kf6 53. Rxb6 Rh2+ 54. Kg3 Rxh5 55. Rb1 f4+ 56. Kg4 Rc5 57. Rc1 e5 58. Kh3 Kf5 59. Kg2 e4 60. fxe4+ Kxe4 61. Kf2 1/2-1/2